000 00335nam a2200109 4500
999 _c9525
_d9525
008 180706b ||||| |||| 00| 0 eng d
245 _aPolice brutality?:
_bBaguio students mull complaint vs police brutality in protest
260 _aDavao City
_bSun Star Davao
_cc2016
300 _apage 12.
650 0 _928301
_aPolice.
942 _2ddc
_cPER